De postguerra 1951-1990

שמור ב:
מידע ביבליוגרפי
מחבר ראשי: Mainer, José Carlos (autor)
פורמט: ספר
שפה:ספרדית
יצא לאור: Barcelona Crítica 1994
סדרה:Colección Filología
נושאים:
תגים: הוספת תג
אין תגיות, היה/י הראשונ/ה לתייג את הרשומה!

MARC

LEADER 00000nam a2200000 a 4500
001 UCZ0323
003 CL-VaPUC
008 950728e19940000SP |||||||||||||||||spa|d
082 0 4 |a 860.9  |b MAI  |2 21 
100 |a Mainer, José Carlos  |e autor  |9 477384 
245 1 0 |a De postguerra 1951-1990 
300 |a 194 p 
942 |c BK 
945 |d 19950728 00:00:00  |a rbrito 
260 |a Barcelona  |b Crítica  |c 1994 
650 0 |a Literatura española  |9 306261 
650 7 |a NOVELA ESPAÑOLA  |2 CL-VaPUC  |9 313139 
650 0 |a Poesía española  |9 264938 
650 0 |a Teatro español  |9 265077 
650 0 |a Crítica literaria   |9 269189 
651 0 |a España  |9 254926 
583 |a last modification  |c 19950728 00:00:00  |k Rodrigo Vera 
490 0 |a Colección Filología 
999 |c 237270  |d 237268 
952 |0 0  |1 0  |4 0  |6 860_900000000000000_MAI_1994  |7 0  |8 A  |9 246176  |a FDOPOS  |b FDOPOS  |d 2019-11-18  |i 3113922  |o 860.9 MAI 1994  |p 3113922  |r 2025-01-22  |w 2019-11-18  |y BK  |k MLH